00711nam a22001937a 450000500170000001000150001702000260003203500140005803700130007208200080008510000160009324501130010926000450022227000760026730000130034394200220035699900190037895201200039720170524144424.0 aENG-118379 a9789386062208c995.00 aEN-101911 bDBAD/PUB a332 aMisra, Alok aResponsible finance india report 2016bClient first: tracking social performance practices /cby Alok Misra  aNew DelhibSage Publications Indiac2017 aB1/I-1 Mohan Cooperative Industrial Area Mathura Road, New Delhi-110044 axvi,143p 2ddccENh332mMIS c140403d140403 001040708NFICaBL4bBL4d2017-05-24eDBAD/PUBg995.00l0o332 MISpEN-101911r2017-05-24 00:00:00t1v995.00yEN